| 000 | 01725nab a2200241 i 4500 | ||
|---|---|---|---|
| 001 | 768714001 | ||
| 003 | CO-MdFUSB | ||
| 005 | 20240627154434.0 | ||
| 008 | 240626t1995 us ||||| |||| 00| 0 eng d | ||
| 040 |
_bspa _cCO-MdFUSB _dCO-MdFUSB |
||
| 041 | _aeng | ||
| 100 |
_aCollins, Travis, _eautor |
||
| 245 | 1 |
_aMissions and churches in partnership for evangelism : _ba study of the Declaration of Ibadan _c/ Travis Collins |
|
| 520 | _aLa colaboración entre misiones (las organizaciones de misioneros expatriados que trabajan bajo una agencia común de envío en un lugar determinado) e iglesias nacionales (los organismos cooperadores de cristianos nacionales con los que se relacionan las misiones, llamados en este artículo “convenciones/uniones”) ha surgido como una cuestión crítica en la evangelización mundial. Un intento de establecer colaboraciones justas y eficaces entre misiones y convenciones/uniones es la Declaración de Ibadan. Entre sus atractivos elementos se incluyen el papel propuesto para la misión, la toma de decisiones conjuntas respecto de la evangelización entre grupos de personas no alcanzados y el despliegue de personal misionero. Este artículo es una reflexión sobre las propuestas establecidas en la Declaración de Ibadán con especial referencia a sus implicaciones para la evangelización. | ||
| 546 | _aTexto en inglés. | ||
| 650 | 0 |
_aEvangelización _9362 |
|
| 650 | 0 |
_aMisiones _9154 |
|
| 650 | 7 |
_aMisioneros _9931 |
|
| 653 | _aDeclaración de Ibadán | ||
| 773 | 0 |
_049486 _982791 _d Pasadena _oR0895 _tMissiology: _w(CO-MdFUSB)97 _gVolumen 23, (número 3, 1995) páginas: 331 - 339 _qpágina: 331 |
|
| 942 | _cANA | ||
| 945 | _aCatherine Arias Álvarez - Practicante SENA | ||
| 999 |
_c70361 _d70361 |
||